000 00893cam a2200289 i 4500
008
020 _a9781474246361 (pbk.)
049 _aMAIN
050 0 0 _aTT507
_bSEI
100 1 _aSeivewright, Simon.
245 1 0 _aResearch and design for fashion /
_cSimon Seivewright and Richard Sorger.
250 _a3rd ed.
260 _aLondon, UK ;
_aNew York, USA :
_bFairchild Books,
_c2017.
300 _av, 192 pages :
_bill. : (some col.) ;
_c23 cm.
490 0 _aBasics fasion design
504 _aIncludes bibliographical references.
500 _aIncludes index.
650 0 _aFashion design.
650 0 _aFashion design
_xStudy and teaching.
650 7 _aDESIGN / Fashion.
_2bisacsh
700 1 _aSorger, Richard.
907 _a.b10391770
_b07-09-18
_c05-09-18
003
005 20230123141119.0
040 _cNUST
942 _cBOOKS
999 _c167921
_d167921